Statistics for Lyrics of Jojo Siwa's Karma

Click here to take the quiz!

General Stats

  • This quiz has been taken 52 times
  • The average score is 27 of 64

Answer Stats

LyricAnswer% Correct
Karma's _ Bitcha
98%
I was _ ___ ____A bad girl
98%
I did ____ ___ _____Some bad things
91%
It never ________Happened
76%
OH karma's _ _____a bitch
73%
Karma's a _____Bitch
73%
Karma's a _____Bitch
73%
Karma's a _____Bitch
73%
Karma's a _____Bitch
73%
Karma's a _____Bitch
73%
I swear i did it ___ ___ ___ and it meant nothingall for fun
71%
It was _ ______A Secret
69%
Thou, _____ ___ _____Shall not cheat
69%
Thou, _____ ___ ___Shall not lie
69%
I should've ____ ______Known better
67%
I should've _____ ______Known better
67%
Thou, _____ ___ ___ ______Shall not get caught
64%
Or You'll ___ __ ____ ____ __ OhEnd up just like me
62%
_____'_ A bitchKarma's
60%
If I ___ _ ____, _ ______ Never effed aroundhad a wish I would've
56%
____, _____ ___ LieThou shall not
56%
____, _____ ___ CheatThou shall not
56%
And she's ____ ___ _____ ___With you right now
53%
You always ____ __Knew it
51%
Another ____ _____Late night
51%
____, _____ ___ ___ CaughtThou shall not get
51%
Another _____ ____Crazy mood
49%
Like when a ____ _____ __ ___ ______ no one hears itTree falls in the forest
49%
Or _____ ___ __ ____ ____ __ ohYou'll end up just like me
49%
I ______'__ _____ betterShould've known
47%
I was a ____ _____Wild child
44%
_____'_ _ bitchKarma's a
42%
It was a ______ __ ____ ______ _ blew itMatter of time before I
42%
When I saw ___ ____ __ ___ I felt the knife twistThe pics of you and her
42%
better be ____Good
38%
She is a ____ ____Good Girl
36%
And ___'_ ____ ___ _____ ___She's with you right now
36%
___ ___'_ with you right nowAnd she's
33%
___ ___'_ with you right nowAnd she's
33%
I ____ ___ _____ ____Felt the knife twist
33%
And I didn't _____ _____ ____ It would do to youThink twice what
33%
When _ ___ ___ ____ __ You and herI saw the pics of
31%
( woah oh oh oh-oh) ______ _ _____Karma's a bitch
31%
( woah oh oh oh-oh) ______ _ _____Karma's a bitch
31%
___ ___'_ ____ you right nowAnd she's with
27%
_____'_ a _____Karma's bitch
22%
I think ____ _____She's Boring
22%
Believe me, ______ _______ _____, You'll be snoringTwenty minutes later
22%
If I had _ ____ _ _____'__ _____ _____ aroundA wish I would've never effed
20%
But it still _____ __Kills me
20%
And now the ________ __ ______ __ What i deserveUniverse is giving me
20%
That you ______ __ ____ ___Hooked up with her
18%
Cause what ____ ______, _____ ______Goes around comes around
16%
When _ ___ ___ ____ __ ___ ___ ___ _ felt the knife twistI saw the pics of you and her I
16%
Better be ____ '_____ ____ _____ around comes aroundGood cause what goes
11%
If I had _ ____, _ _____'__ _____ effed aroundHad a wish I would've never
11%
The mirror ___ __ ________Has no sympathy
9%
My cold ____ ____ ____ ____ at meblue eyes look back
7%
And when I ___ __ ____ __ sleepLay me down to
7%
just __ ___ __ _______Me and my regrets
7%
This lonely ____ _____ __ _____Room feels so empty
7%
It's not ____ ____ ____ __ __Your body next to me
7%
My guilts ______ _ ________Become a symphony
4%
That ___'_ ___ __ ______Won't let me forget
4%

Score Distribution

Percentile by Number Answered

Percent of People with Each Score

Your Score History

You have not taken this quiz